[Event "GER-chT Nord-West U20 1112"]
[Site "Germany"]
[Date "2011.09.25"]
[Round "1"]
[White "Becker, Sven"]
[Black "List, Tilman"]
[Result "1-0"]
[WhiteElo "1867"]
[BlackElo "1900"]
[PlyCount "89"]
[EventDate "2011.09.24"]
[EventType "team-tourn"]
[EventRounds "9"]
[EventCountry "GER"]
[SourceTitle "EXT 2015"]
[Source "ChessBase"]
[SourceDate "2014.11.20"]
[SourceVersion "1"]
[SourceVersionDate "2014.11.20"]
[SourceQuality "1"]

1. c4 Nf6 2. g3 g6 3. Bg2 Bg7 4. Nc3 0-0 5. e4 d6 6. Nge2 e5 7. 0-0 Nc6 8. d3 Bd7 9. h3 Nh5 10. g4 Nf4 11. Nxf4 exf4 12. Bxf4 f5 13. f3 Bd4+ 14. Kh1 h5 15. exf5 gxf5 16. gxh5 Qh4 17. Qd2 Qxh5 18. Bh6 f4 19. Bxf8 Be3 20. Nd5 Rxf8 21. Nxe3 fxe3 22. Qxe3 Bxh3 23. f4 Bd7+ 24. Kg1 Re8 25. Qg3+ Kh8 26. Bd5 Be6 27. Bxe6 Rxe6 28. f5 Re8 29. Qh2 Rg8+ 30. Kh1 Qxh2+ 31. Kxh2 Ne5 32. d4 Nxc4 33. Rac1 Ne3 34. Rf3 Ng4+ 35. Kh3 c6 36. f6 Nh6 37. Re1 Rf8 38. Re7 Rf7 39. Rxf7 Nxf7 40. Rg3 c5 41. Rg7 Nd8 42. dxc5 dxc5 43. Kg4 a6 44. Kf5 Nc6 45. Rxb7 1-0

[Event "Niedersachsen-ch U18"]
[Site "Rotenburg"]
[Date "2009.04.09"]
[Round "8"]
[White "Delekat, Julian"]
[Black "List, Tilman"]
[Result "1-0"]
[WhiteElo "1315"]
[BlackElo "1927"]
[PlyCount "79"]
[EventDate "2009.04.04"]
[EventType "swiss"]
[EventRounds "9"]
[EventCountry "GER"]
[SourceTitle "EXT 2010"]
[Source "ChessBase"]
[SourceDate "2010.11.25"]
[SourceVersion "1"]
[SourceVersionDate "2010.11.25"]
[SourceQuality "1"]

1. d4 Nf6 2. c4 g6 3. Nc3 Bg7 4. e4 d6 5. f3 0-0 6. Be3 Nc6 7. Nge2 a6 8. Qd2 Re8 9. h4 h5 10. 0-0-0 Rb8 11. Bh6 Bh8 12. Nd5 e6 13. Nxf6+ Bxf6 14. Bg5 e5 15. d5 Bxg5 16. hxg5 Nd4 17. Nxd4 exd4 18. Qxd4 Qxg5+ 19. Kb1 Qe5 20. Qf2 Bd7 21. Bd3 Qg7 22. Rh4 c5 23. g4 b5 24. gxh5 bxc4 25. Bxc4 g5 26. h6 Qe5 27. Rg1 Kh8 28. Rh5 f6 29. b3 Rb4 30. Qb2 Qf4 31. Rhxg5 Qxf3 32. Ka1 Rf8 33. Rg7 Bb5 34. Bxb5 axb5 35. h7 Qh5 36. Rg8+ Kxh7 37. Rxf8 Rd4 38. Qb1 Qe5 39. Rh1+ Kg7 40. Qg1+ 1-0